000 00850nam a22002777a 4500
001 BR9506985
003 BR-BrBNA
005 20230928094703.0
007 ta
008 230509b bl.||||| |||| 00| 0 por d
040 _aBR-BrBNA
_bpor
_cBiblioteca Nacional de Agricultura
041 _a(Por)
072 _aH10; H20
_b0230
090 _ 0230 BR9506985
100 1 _aBlumer, E.
110 1 _aEscola superior de Agricultura Luiz de Queiroz, Piracicaba, SP (Brasil)
_0Tese (Mestre em Ciencias)
245 1 _aEfeito do complexo broca/podridoes na fermentacao etanolica
260 3 _aPiracicaba, SP (Brasil):
_c1992.
300 _a66 p.
500 _a48 ref.; Summaries (Eng, Por); 27 tables; 12 illus.
650 _aCana de Acucar
650 _aBroca
650 _aPodridao Vermelha
909 _a202309
_bLucia
_c55
_dLucia Elande
942 _cBK
999 _c52080
_d52080